[Event "4NCL Division 4 South"]
[Site "Maidenhead, ENG"]
[Date "2020.01.11"]
[Round "3.102"]
[White "Srivastava, Arnav"]
[Black "Waller, Dan"]
[Result "0-1"]
[WhiteElo "1728"]
[BlackElo "2102"]
[PlyCount "74"]
[EventDate "2020.01.11"]
[WhiteTeam "Poisoned Pawns - Next Generation"]
[BlackTeam "All Anands on Deck"]

1. d4 f5 2. c4 e6 3. Nc3 Nf6 4. g3 c6 5. Nf3 d5 6. Bg2 Bd6 7. Ne5 O-O 8. O-O
Bxe5 9. dxe5 Ng4 10. cxd5 cxd5 11. Bf4 Nc6 12. Nb5 a6 13. Nd6 Ngxe5 14. Nxc8
Rxc8 15. Qb3 Qe7 16. Rfd1 Ng6 17. Qe3 Nxf4 18. Qxf4 Rc7 19. Rac1 Rfc8 20. g4
fxg4 21. Qxg4 Ne5 22. Qf4 Qf6 23. Qxf6 gxf6 24. Rxc7 Rxc7 25. e4 dxe4 26. Bxe4
f5 27. Bb1 Kg7 28. Kg2 Kf6 29. f3 Nc4 30. Rd3 Nxb2 31. Rb3 Nc4 32. Bd3 Ne5 33.
Bb1 b5 34. f4 Ng6 35. Kg3 Rc4 36. Rf3 Rd4 37. Bd3 Nxf4 0-1

[Event "4NCL Division 4 South"]
[Site "Maidenhead, ENG"]
[Date "2020.01.11"]
[Round "3.103"]
[White "Penna, Tommaso"]
[Black "Volovich, Julia"]
[Result "1-0"]
[WhiteElo "2031"]
[BlackElo "1611"]
[PlyCount "87"]
[EventDate "2020.01.11"]
[WhiteTeam "All Anands on Deck"]
[BlackTeam "Poisoned Pawns - Next Generation"]

1. e4 e6 2. d4 d5 3. e5 c5 4. c3 Nc6 5. Nf3 Qb6 6. a3 Nh6 7. Bd3 Bd7 8. Bc2 Be7
9. O-O O-O-O 10. dxc5 Bxc5 11. b4 Be7 12. a4 Ng4 13. Bf4 Qc7 14. Qe2 f6 15.
exf6 Qxf4 16. fxe7 Nxe7 17. h3 Nh6 18. Na3 g5 19. Qe5 Nf7 20. Qxf4 gxf4 21.
Rfe1 Rhg8 22. Bd3 Rg7 23. Bf1 Nc6 24. Rad1 Rdg8 25. b5 Ne7 26. Kh2 Ng5 27. Nxg5
Rxg5 28. c4 dxc4 29. Nxc4 Nd5 30. Nd6+ Kb8 31. Ne4 R5g7 32. Nc5 Re8 33. Rxd5
exd5 34. Nxd7+ Rxd7 35. Rxe8+ Kc7 36. Rf8 Kb6 37. Rxf4 d4 38. Bd3 Ka5 39. Bxh7
Kxa4 40. Bd3 Kb4 41. g4 Rd6 42. g5 a5 43. bxa6 bxa6 44. Bxa6 1-0

[Event "4NCL Division 4 South"]
[Site "Maidenhead, ENG"]
[Date "2020.01.11"]
[Round "3.104"]
[White "Dharmasena, Gavith"]
[Black "Jones, Tibor"]
[Result "1-0"]
[WhiteElo "1665"]
[BlackElo "1975"]
[PlyCount "69"]
[EventDate "2020.01.11"]
[WhiteTeam "Poisoned Pawns - Next Generation"]
[BlackTeam "All Anands on Deck"]

1. e4 c5 2. Nf3 d6 3. d4 cxd4 4. Nxd4 Nf6 5. Nc3 a6 6. f3 e6 7. Be3 b5 8. a3
Nbd7 9. Qd2 Bb7 10. Be2 Nb6 11. O-O Be7 12. Rae1 Nfd7 13. f4 Nc5 14. Bd3 Nc4
15. Bxc4 bxc4 16. Bf2 O-O 17. Qe2 Rc8 18. Qg4 Bf6 19. e5 dxe5 20. fxe5 Bg5 21.
Be3 Bxe3+ 22. Rxe3 Qc7 23. Qg5 Qd8 24. Qf4 Qd7 25. Nf3 Na4 26. Nxa4 Qxa4 27.
Nd4 Bd5 28. Rg3 f5 29. exf6 Qd7 30. Qh6 g6 31. Rxg6+ hxg6 32. Qxg6+ Kh8 33. f7
Be4 34. Qh6+ Bh7 35. Qf6# 1-0

[Event "4NCL Division 4 South"]
[Site "Maidenhead, ENG"]
[Date "2020.01.11"]
[Round "3.105"]
[White "Sabin, Frank"]
[Black "Dharmasena, Kian"]
[Result "1/2-1/2"]
[WhiteElo "1825"]
[BlackElo "1610"]
[PlyCount "72"]
[EventDate "2020.01.11"]
[WhiteTeam "All Anands on Deck"]
[BlackTeam "Poisoned Pawns - Next Generation"]

1. d4 Nf6 2. c4 e6 3. Nc3 Bb4 4. Bd2 O-O 5. Nf3 b6 6. e3 Bb7 7. Be2 c5 8. O-O
Bxc3 9. Bxc3 Ne4 10. Qc2 Nxc3 11. Qxc3 Qf6 12. Ne5 Qg5 13. Bf3 Bxf3 14. Nxf3
Qf6 15. Rfd1 Rd8 16. Rac1 Nc6 17. dxc5 Qxc3 18. Rxc3 bxc5 19. Rcd3 Rab8 20. b3
Rb7 21. Rd6 Nb8 22. Ne5 Kf8 23. Nc6 Nxc6 24. Rxc6 dxc6 25. Rxd8+ Ke7 26. Rd3
Rd7 27. Rxd7+ Kxd7 28. Kf1 Kc7 29. Ke2 Kb6 30. Kd3 a5 31. a3 f6 32. g4 g5 33.
f4 h6 34. fxg5 hxg5 35. e4 e5 36. Kc3 Ka6 1/2-1/2

[Event "4NCL Division 4 South"]
[Site "Maidenhead, ENG"]
[Date "2020.01.11"]
[Round "3.106"]
[White "Zheng, Jerry Z"]
[Black "Perez Fadon, Andres"]
[Result "1/2-1/2"]
[WhiteElo "1637"]
[BlackElo "1705"]
[PlyCount "90"]
[EventDate "2020.01.11"]
[WhiteTeam "Poisoned Pawns - Next Generation"]
[BlackTeam "All Anands on Deck"]

1. e4 e6 2. d4 d5 3. Nd2 Nf6 4. e5 Nfd7 5. Ngf3 c5 6. c3 Nc6 7. Bd3 Qb6 8. O-O
cxd4 9. cxd4 Nxd4 10. Nxd4 Qxd4 11. Nf3 Qb6 12. Qa4 h6 13. a3 Be7 14. Qg4 Kf8
15. b4 a5 16. Be3 Qd8 17. Qd4 f6 18. Bf4 Qb6 19. Rfc1 Qxd4 20. Nxd4 fxe5 21.
Nxe6+ Kf7 22. Nc7 Ra7 23. Bd2 Nf6 24. bxa5 e4 25. Be2 Rd8 26. Be3 d4 27. Nb5
Rxa5 28. Nxd4 Rxa3 29. Rxa3 Bxa3 30. Rc7+ Kg6 31. Nb5 Bb4 32. Na7 Bg4 33. f3
exf3 34. gxf3 Bh3 35. Rxb7 Bd2 36. Rb3 Bxe3+ 37. Rxe3 Ra8 38. Nb5 Ra1+ 39. Kf2
Nh5 40. f4 Nxf4 41. Kg3 Nxe2+ 42. Kxh3 Ra2 43. Nc3 Nxc3 44. Rxc3 Ra1 45. Kg2
Ra2+ 1/2-1/2

[Event "4NCL Division 4 South"]
[Site "Maidenhead, ENG"]
[Date "2020.01.11"]
[Round "3.111"]
[White "Pink, Joshua"]
[Black "Ruthen, Stephen W"]
[Result "1-0"]
[WhiteElo "2057"]
[BlackElo "1993"]
[PlyCount "139"]
[EventDate "2020.01.11"]
[WhiteTeam "Throw in the Tal"]
[BlackTeam "Iceni 2"]

1. Nc3 e5 2. Nf3 Nc6 3. d4 exd4 4. Nxd4 Nf6 5. Bg5 h6 6. Bh4 d5 7. Bxf6 Qxf6 8.
Nxd5 Bb4+ 9. c3 Qxd4 10. Qxd4 Nxd4 11. Nxb4 Ne6 12. e3 Bd7 13. O-O-O Rd8 14.
Be2 O-O 15. Rd2 a5 16. Nc2 Bc6 17. Rxd8 Rxd8 18. f3 Re8 19. Re1 Bd5 20. c4 Bc6
21. Nd4 Bd7 22. Nxe6 Bxe6 23. Kc2 g5 24. Kc3 Kg7 25. Bd3 f5 26. e4 f4 27. a3 a4
28. Rd1 Bd7 29. Bc2 Bc6 30. Kb4 Ra8 31. c5 Kf6 32. b3 axb3 33. Bxb3 Ke5 34. a4
h5 35. a5 g4 36. Ba4 Bxa4 37. Kxa4 Ke6 38. Rd5 gxf3 39. gxf3 h4 40. Kb4 Rg8 41.
Rh5 Rg1 42. Rxh4 Ke5 43. Kc4 Rc1+ 44. Kd3 Rd1+ 45. Ke2 Ra1 46. Rh7 Kd4 47. Rd7+
Kxc5 48. Rxc7+ Kd4 49. Rd7+ Kc4 50. Rxb7 Ra2+ 51. Kf1 Rxa5 52. Kg2 Rg5+ 53. Kh3
Kd4 54. Rb3 Rg1 55. Ra3 Rg8 56. Kh4 Rg2 57. Kh5 Rg8 58. h4 Rg3 59. Kh6 Ke5 60.
h5 Kf6 61. Kh7 Rg7+ 62. Kh8 Rg3 63. h6 Ke5 64. h7 Ke6 65. Ra6+ Ke5 66. Ra5+ Ke6
67. Rf5 Rxf3 68. Kg7 Rg3+ 69. Kh6 Rh3+ 70. Rh5 1-0

[Event "4NCL Division 4 South"]
[Site "Maidenhead, ENG"]
[Date "2020.01.11"]
[Round "3.112"]
[White "Gibbs, Dominic V"]
[Black "Goodwin, Ed H"]
[Result "1-0"]
[WhiteElo "1898"]
[BlackElo "1922"]
[PlyCount "115"]
[EventDate "2020.01.11"]
[WhiteTeam "Iceni 2"]
[BlackTeam "Throw in the Tal"]

1. d4 e6 2. e4 d5 3. Nd2 c5 4. Ngf3 cxd4 5. exd5 exd5 6. Bb5+ Bd7 7. Qe2+ Qe7
8. Nxd4 Qxe2+ 9. Bxe2 Nc6 10. N2b3 Nf6 11. O-O Bd6 12. Re1 Nxd4 13. Nxd4 O-O
14. Bg5 Ne4 15. Bh4 g5 16. Bg3 Nxg3 17. hxg3 Rac8 18. c3 g4 19. Rad1 a6 20. Nc2
Ba4 21. Rxd5 Bxg3 22. Ne3 Bf4 23. Bxg4 Rce8 24. Bd7 Bxd7 25. Rxd7 Bxe3 26. Rxe3
Rxe3 27. fxe3 Rb8 28. Kf2 Kg7 29. Kf3 Kf6 30. Rd6+ Kg5 31. Rb6 h5 32. a4 h4 33.
a5 f5 34. Rb4 Rc8 35. Rxb7 Rc5 36. Rd7 Rxa5 37. Rd2 Ra1 38. Rc2 Rf1+ 39. Ke2
Rg1 40. Kf2 Rd1 41. c4 Rd6 42. c5 Rc6 43. b4 Kf6 44. Kf3 Ke5 45. Rc4 Rh6 46. c6
Rh8 47. c7 Rc8 48. Rc5+ Kd6 49. Kf4 a5 50. Rxa5 Rxc7 51. Ra6+ Kd5 52. Kxf5 Rf7+
53. Rf6 Rb7 54. e4+ Kd4 55. Rd6+ Ke3 56. Rh6 Rxb4 57. Rxh4 Kf2 58. Rg4 1-0

[Event "4NCL Division 4 South"]
[Site "Maidenhead, ENG"]
[Date "2020.01.11"]
[Round "3.113"]
[White "Nwachukwu, Chino"]
[Black "Feavyour, John A"]
[Result "1-0"]
[WhiteElo "1945"]
[BlackElo "1944"]
[PlyCount "77"]
[EventDate "2020.01.11"]
[WhiteTeam "Throw in the Tal"]
[BlackTeam "Iceni 2"]

1. e4 c5 2. Nf3 d6 3. d4 cxd4 4. Nxd4 Nf6 5. Nc3 a6 6. Bg5 e6 7. f4 Qc7 8. Bxf6
gxf6 9. Qf3 Bd7 10. O-O-O Nc6 11. Qh5 Be7 12. f5 Nxd4 13. Rxd4 Qb6 14. Rd3 Rc8
15. Be2 Qc5 16. Rf1 b5 17. Bd1 Qe5 18. fxe6 Bxe6 19. Qxe5 fxe5 20. Nd5 Rg8 21.
Bf3 Rc6 22. Ra3 Bc8 23. g3 Bd8 24. Bh5 Rg7 25. Nb4 Rc4 26. Nxa6 Rxe4 27. c3 Be6
28. Nb4 Bc4 29. Rd1 Bg5+ 30. Kb1 Be2 31. Bxe2 Rxe2 32. Rxd6 Ke7 33. Rd5 Ke6 34.
g4 f5 35. Ra6+ Kf7 36. Rd7+ Be7 37. Nd5 Ke8 38. Rb7 Rf7 39. gxf5 1-0

[Event "4NCL Division 4 South"]
[Site "Maidenhead, ENG"]
[Date "2020.01.11"]
[Round "3.114"]
[White "Lewis, Stephen"]
[Black "Ireland, David J"]
[Result "1-0"]
[WhiteElo "1859"]
[BlackElo "1961"]
[PlyCount "107"]
[EventDate "2020.01.11"]
[WhiteTeam "Iceni 2"]
[BlackTeam "Throw in the Tal"]

1. d4 Nf6 2. Nc3 d5 3. Bf4 Bf5 4. f3 c5 5. e3 Nc6 6. Bb5 cxd4 7. Bxc6+ bxc6 8.
exd4 e6 9. Na4 Bd6 10. Bxd6 Qxd6 11. Ne2 g5 12. c3 h5 13. Nc1 g4 14. Nc5 gxf3
15. Qxf3 Rb8 16. b4 Ke7 17. O-O Ng4 18. Qf4 Rbg8 19. N1d3 Qxf4 20. Nxf4 h4 21.
Rae1 Kd6 22. Re2 Nf6 23. Rff2 Rh7 24. Rb2 Rhg7 25. a4 Ne4 26. Nxe4+ Bxe4 27.
Nh5 Rg5 28. Nf6 Rf8 29. Nxe4+ dxe4 30. Rf4 Kd5 31. Rxh4 f5 32. Rh6 f4 33. b5 f3
34. bxc6 Kc4 35. Rxe6 Kxc3 36. Ra2 Kxd4 37. g3 Rc5 38. Kf2 Kd5 39. Rg6 Rc3 40.
Rd2+ Kc5 41. Re6 Rc4 42. c7 Rc8 43. Re7 Kb4 44. Ke3 R8xc7 45. Rxc7 Rxc7 46.
Kxe4 Kxa4 47. Kxf3 a5 48. h4 Kb3 49. h5 a4 50. h6 a3 51. Rd3+ Kb2 52. Rxa3 Kxa3
53. g4 Kb4 54. g5 1-0

[Event "4NCL Division 4 South"]
[Site "Maidenhead, ENG"]
[Date "2020.01.11"]
[Round "3.115"]
[White "Davidson, Laura"]
[Black "Kenning, Paul H"]
[Result "1/2-1/2"]
[WhiteElo "1735"]
[BlackElo "1851"]
[PlyCount "38"]
[EventDate "2020.01.11"]
[WhiteTeam "Throw in the Tal"]
[BlackTeam "Iceni 2"]

1. e4 d6 2. d4 Nf6 3. Nc3 e5 4. dxe5 dxe5 5. Qxd8+ Kxd8 6. Bg5 Be6 7. O-O-O+
Kc8 8. a3 Bc5 9. f3 Nbd7 10. Bd3 h6 11. Bd2 Nb6 12. Kb1 Nc4 13. Bc1 Nd7 14. g3
Ndb6 15. f4 f6 16. f5 Bf7 17. Nf3 c6 18. Rde1 Kc7 19. g4 a5 1/2-1/2

[Event "4NCL Division 4 South"]
[Site "Maidenhead, ENG"]
[Date "2020.01.11"]
[Round "3.116"]
[White "Lightfoot, Malcolm J"]
[Black "Woolgar, Steven G"]
[Result "1-0"]
[WhiteElo "1796"]
[BlackElo "1651"]
[PlyCount "71"]
[EventDate "2020.01.11"]
[WhiteTeam "Iceni 2"]
[BlackTeam "Throw in the Tal"]

1. e4 c5 2. Nf3 d6 3. d4 cxd4 4. Nxd4 Nf6 5. Nc3 a6 6. Be2 e5 7. Nb3 Be6 8. f4
Be7 9. f5 Bxb3 10. axb3 Qb6 11. Bc4 Nbd7 12. Qe2 Nc5 13. Nd5 Qc6 14. Nxf6+ Bxf6
15. b4 Nxe4 16. b5 Bh4+ 17. Kd1 Nf2+ 18. Ke1 Qxg2 19. Rf1 Ne4+ 20. Kd1 Qxe2+
21. Kxe2 a5 22. Bd5 Nf6 23. Bxb7 Ra7 24. Bc6+ Ke7 25. Be3 Rc7 26. Rxa5 Rb8 27.
Rfa1 Ng4 28. Ba7 Rxc6 29. bxc6 Rxb2 30. R1a2 Rb4 31. R5a4 Rf4 32. Rxf4 exf4 33.
Bd4 Ne5 34. Ra7+ Ke8 35. Bxe5 dxe5 36. Ra8+ 1-0

[Event "4NCL Division 4 South"]
[Site "Maidenhead, ENG"]
[Date "2020.01.11"]
[Round "3.121"]
[White "Vaidya, Raghav"]
[Black "Sloan, Cecil"]
[Result "1-0"]
[WhiteElo "1697"]
[BlackElo "1742"]
[PlyCount "83"]
[EventDate "2020.01.11"]
[WhiteTeam "Barnet Knights 2"]
[BlackTeam "Watford 2"]

1. c4 c5 2. g3 Nc6 3. Bg2 g6 4. Nc3 Bg7 5. Nf3 d6 6. O-O e5 7. d3 Nge7 8. a3
O-O 9. Rb1 a5 10. Ne1 Rb8 11. Nc2 Be6 12. Ne3 Qd7 13. Re1 f5 14. Ned5 h6 15. e3
Bf7 16. Nxe7+ Nxe7 17. Nd5 Nxd5 18. cxd5 b5 19. b4 axb4 20. axb4 cxb4 21. Bd2
e4 22. dxe4 fxe4 23. Bxe4 Bc3 24. Bxc3 bxc3 25. Qd3 b4 26. Bxg6 Qg4 27. Bf5 Qg7
28. Qc4 Bg6 29. Be6+ Bf7 30. Rxb4 Rxb4 31. Qxb4 Bxe6 32. dxe6 Qf6 33. f4 Qxe6
34. Qxc3 Rc8 35. Qd3 Qa2 36. Qg6+ Kh8 37. Qxh6+ Kg8 38. Qg5+ Kh8 39. Qh5+ Kg8
40. Qg4+ Kf7 41. Qxc8 Qd2 42. Qc1 1-0

[Event "4NCL Division 4 South"]
[Site "Maidenhead, ENG"]
[Date "2020.01.11"]
[Round "3.122"]
[White "Vig, Sanjay"]
[Black "Carter, Rebecca"]
[Result "0-1"]
[WhiteElo "1510"]
[BlackElo "1712"]
[PlyCount "74"]
[EventDate "2020.01.11"]
[WhiteTeam "Watford 2"]
[BlackTeam "Barnet Knights 2"]

1. e4 e5 2. f4 Bc5 3. b4 Bxb4 4. c3 Ba5 5. Nf3 Nc6 6. Bc4 d6 7. O-O Nf6 8. fxe5
dxe5 9. Ba3 Bg4 10. Qb3 Bb6+ 11. Kh1 Qd7 12. Ng5 Bh5 13. d4 Na5 14. Bxf7+ Bxf7
15. Qxf7+ Qxf7 16. Nxf7 Kxf7 17. dxe5 Rhe8 18. exf6 Rxe4 19. fxg7+ Kxg7 20. Nd2
Re2 21. Nb3 Nc4 22. Bc5 Bxc5 23. Nxc5 b6 24. Na6 c5 25. Nc7 Rd8 26. Rf4 Rd7 27.
Rxc4 Rxc7 28. a4 Rce7 29. Kg1 R2e4 30. Rxe4 Rxe4 31. Kf2 Kf6 32. Kf3 Ke5 33. g3
h6 34. a5 b5 35. Rb1 a6 36. Ra1 Ra4 37. Rxa4 bxa4 0-1

[Event "4NCL Division 4 South"]
[Site "Maidenhead, ENG"]
[Date "2020.01.11"]
[Round "3.123"]
[White "Wolstenholme, Otis"]
[Black "Hylands, Keith A"]
[Result "1-0"]
[WhiteElo "1682"]
[BlackElo "1397"]
[PlyCount "81"]
[EventDate "2020.01.11"]
[WhiteTeam "Barnet Knights 2"]
[BlackTeam "Watford 2"]

1. c4 Nf6 2. g3 d5 3. cxd5 Qxd5 4. Nf3 e6 5. Nc3 Qd6 6. Bg2 a6 7. O-O Be7 8. d3
Nbd7 9. Bd2 Bd8 10. Qc2 O-O 11. Rac1 Re8 12. Rfd1 Rb8 13. e4 Qf8 14. d4 c6 15.
e5 Nd5 16. Ng5 Bxg5 17. Bxg5 Kh8 18. Ne4 Ne7 19. Nd6 Rd8 20. Be4 f6 21. Bf4 f5
22. Bf3 Nb6 23. Bh5 g6 24. Bf3 Ng8 25. Bd2 Nd7 26. Ba5 Re8 27. Nxe8 Qxe8 28.
Bd2 Nb6 29. Qb3 Nd7 30. Rc2 Ne7 31. Rdc1 Nd5 32. Bxd5 cxd5 33. Qc3 Kg7 34. Qe3
b6 35. Rc7 Kg8 36. Qa3 Bb7 37. Qd6 Bc8 38. Bg5 Kf7 39. Bf6 b5 40. Rxc8 Rxc8 41.
Rxc8 1-0

[Event "4NCL Division 4 South"]
[Site "Maidenhead, ENG"]
[Date "2020.01.11"]
[Round "3.124"]
[White "Dasgupta, Avyukt"]
[Black "Farahi-Far, Arman"]
[Result "1/2-1/2"]
[WhiteElo "1392"]
[BlackElo "1645"]
[PlyCount "124"]
[EventDate "2020.01.11"]
[WhiteTeam "Watford 2"]
[BlackTeam "Barnet Knights 2"]

1. e4 c5 2. Nf3 Nc6 3. d4 cxd4 4. Nxd4 g6 5. Nc3 Bg7 6. Be3 Nf6 7. Bc4 O-O 8.
h4 Nxe4 9. Nxe4 d5 10. Ng5 dxc4 11. Nxc6 Qxd1+ 12. Rxd1 bxc6 13. c3 h6 14. Ne4
Bf5 15. Nc5 Rfd8 16. Ke2 Bc2 17. Rc1 Bd3+ 18. Kf3 h5 19. Rhd1 Bf5 20. Ke2 Rab8
21. Rxd8+ Rxd8 22. Rd1 Rxd1 23. Kxd1 Bf6 24. g3 Bg4+ 25. Kd2 e5 26. Ne4 Kg7 27.
Nxf6 Kxf6 28. Bxa7 Ke6 29. Ke3 Kd5 30. a4 Bc8 31. a5 f5 32. Bb6 Ba6 33. Kd2 Ke4
34. Ke2 f4 35. f3+ Kf5 36. gxf4 Kxf4 37. Kf2 g5 38. hxg5 Kxg5 39. Be3+ Kf5 40.
Kg3 e4 41. fxe4+ Kxe4 42. Bc5 Kf5 43. Bd6 Kg5 44. Kf3 Kf5 45. Bb8 h4 46. Ke3
Kg4 47. Kd4 Kf3 48. Kc5 Ke2 49. Kxc6 Kd2 50. Kb6 Bc8 51. Kb5 Kd3 52. Kb4 Bb7
53. b3 Bd5 54. bxc4 Bxc4 55. Bc7 h3 56. Bb8 Ba6 57. Bd6 Bc4 58. Bh2 Ba6 59. Kb3
Bc4+ 60. Kb2 Ba6 61. Bg1 Bc4 62. Bh2 Ba6 1/2-1/2

[Event "4NCL Division 4 South"]
[Site "Maidenhead, ENG"]
[Date "2020.01.11"]
[Round "3.125"]
[White "Angelopoulos, Andreas"]
[Black "Ramesh, Karthik R"]
[Result "0-1"]
[WhiteElo "1615"]
[BlackElo "1285"]
[PlyCount "102"]
[EventDate "2020.01.11"]
[WhiteTeam "Barnet Knights 2"]
[BlackTeam "Watford 2"]

1. d4 f5 2. c4 Nf6 3. Nf3 e6 4. Nc3 Bb4 5. Bd2 O-O 6. e3 b6 7. a3 Be7 8. d5 Bb7
9. dxe6 dxe6 10. Be2 Ne4 11. O-O a5 12. Qc2 Nxd2 13. Qxd2 Qxd2 14. Nxd2 Rd8 15.
Rfd1 Bf6 16. Nf3 Na6 17. Rab1 Rac8 18. Nb5 Be4 19. Rxd8+ Rxd8 20. Rd1 Rxd1+ 21.
Bxd1 Bxb2 22. Nfd4 e5 23. Nf3 Bd3 24. Nd2 Kf7 25. Bb3 Ke7 26. Nb1 Bxb1 27. Na7
Bxa3 28. Nc6+ Kd6 29. Ba4 Bd3 30. Bb5 Nc5 31. f3 Bxc4 32. Bxc4 Kxc6 33. Bg8 h6
34. Bh7 f4 35. exf4 exf4 36. Kf2 a4 37. g3 Bc1 38. Ke2 a3 39. Bg8 Kb5 40. Kd1
Be3 41. Kc2 Ka4 42. Kb1 b5 43. Ka2 b4 44. gxf4 b3+ 45. Ka1 Bd4+ 46. Kb1 a2+ 47.
Kc1 a1=Q+ 48. Kd2 Qb2+ 49. Kd1 Bc3 50. Bxb3+ Kxb3 51. h4 Qd2# 0-1

[Event "4NCL Division 4 South"]
[Site "Maidenhead, ENG"]
[Date "2020.01.11"]
[Round "3.126"]
[White "Tharkabhushanam, Anirvin"]
[Black "Sanfey, Gregor"]
[Result "0-1"]
[WhiteElo "1300"]
[BlackElo "1607"]
[PlyCount "88"]
[EventDate "2020.01.11"]
[WhiteTeam "Watford 2"]
[BlackTeam "Barnet Knights 2"]

1. e4 d6 2. d4 Nf6 3. Nc3 g6 4. Nf3 Bg7 5. Be2 c6 6. Bf4 Nbd7 7. Qd2 O-O 8. Bh6
b5 9. Bxg7 Kxg7 10. a3 a6 11. O-O Bb7 12. Rad1 Rc8 13. b4 c5 14. d5 cxb4 15.
axb4 Qc7 16. Nxb5 axb5 17. Bxb5 Qxc2 18. Qxc2 Rxc2 19. Rfe1 Ne5 20. Nd4 Rb2 21.
Rb1 Rxb1 22. Rxb1 Nxe4 23. Bc6 Bxc6 24. dxc6 Rc8 25. b5 Nc3 26. Rc1 Nxb5 27.
Nxb5 Rxc6 28. Re1 Rc5 29. Nd4 Rc4 30. f4 Nd3 31. Rd1 Rxd4 32. g3 e5 33. fxe5
dxe5 34. Kf1 e4 35. Ke2 Kf6 36. Ke3 Ke5 37. Rd2 f5 38. h3 g5 39. Rd1 f4+ 40.
gxf4+ gxf4+ 41. Ke2 Rc4 42. Rd2 Kd4 43. h4 f3+ 44. Kf1 Rc1+ 0-1

[Event "4NCL Division 4 South"]
[Site "Maidenhead, ENG"]
[Date "2020.01.11"]
[Round "3.131"]
[White "Sanfey, Peter"]
[Black "Sheard, Jack"]
[Result "0-1"]
[WhiteElo "1485"]
[BlackElo "1847"]
[PlyCount "66"]
[EventDate "2020.01.11"]
[WhiteTeam "Barnet Knights 4"]
[BlackTeam "Surbiton 2"]

1. e4 Nf6 2. Nc3 d5 3. e5 d4 4. exf6 dxc3 5. bxc3 gxf6 6. d4 Bf5 7. Bd3 Bg6 8.
Rb1 Qc8 9. Nf3 e6 10. O-O Bd6 11. Bh6 Nd7 12. Re1 c6 13. c4 Qc7 14. g3 Rg8 15.
c5 Be7 16. Bf4 e5 17. dxe5 Bxd3 18. Qxd3 O-O-O 19. exf6 Qxf4 20. g4 Qxg4+ 21.
Kf1 Bxc5 22. Qb3 Qg2+ 23. Ke2 Qxf2+ 24. Kd3 Qxf3+ 25. Kd2 Qf2+ 26. Re2 Nb6+ 27.
Kc1 Rg1+ 28. Kb2 Rxb1+ 29. Kxb1 Qf1+ 30. Kb2 Bd4+ 31. Ka3 Qxe2 32. Qxf7 Qa6+
33. Kb3 Qa4# 0-1

[Event "4NCL Division 4 South"]
[Site "Maidenhead, ENG"]
[Date "2020.01.11"]
[Round "3.132"]
[White "Alcock, Graham P"]
[Black "Carter, Gavin"]
[Result "1-0"]
[WhiteElo "1810"]
[BlackElo "1262"]
[PlyCount "55"]
[EventDate "2020.01.11"]
[WhiteTeam "Surbiton 2"]
[BlackTeam "Barnet Knights 4"]

1. e4 c5 2. d4 cxd4 3. c3 dxc3 4. Nxc3 e6 5. Nf3 a6 6. Bc4 Bc5 7. O-O Qc7 8.
Qe2 Nc6 9. Rd1 Nge7 10. a3 Na5 11. Ba2 Ba7 12. Bg5 f6 13. Bh4 b6 14. Rac1 Qd8
15. Bxe6 Bb8 16. e5 Bxe5 17. Nxe5 fxe5 18. Qxe5 Nac6 19. Qxg7 Rf8 20. Ne4 Nf5
21. Nd6+ Nxd6 22. Bxd8 Nxd8 23. Bg4 N6f7 24. Qxh7 Rb8 25. Qe4+ Ne6 26. Bxe6
dxe6 27. Rxc8+ Rxc8 28. Qxe6# 1-0

[Event "4NCL Division 4 South"]
[Site "Maidenhead, ENG"]
[Date "2020.01.11"]
[Round "3.133"]
[White "Karpe, Reya"]
[Black "Durrant, Paul Eo"]
[Result "1/2-1/2"]
[WhiteElo "1332"]
[BlackElo "1802"]
[PlyCount "63"]
[EventDate "2020.01.11"]
[WhiteTeam "Barnet Knights 4"]
[BlackTeam "Surbiton 2"]

1. d4 Nf6 2. c4 c5 3. d5 g6 4. Nc3 Bg7 5. Nf3 d6 6. e4 e6 7. Bd3 exd5 8. exd5
O-O 9. O-O Bg4 10. Bg5 h6 11. Bf4 Na6 12. a3 Nc7 13. Re1 a6 14. Bf1 Rb8 15. g3
b5 16. b3 Nh5 17. Rc1 Nxf4 18. gxf4 Qf6 19. Re4 Qf5 20. Qd3 Qd7 21. Bg2 Bf5 22.
Rce1 Bxe4 23. Nxe4 Rfe8 24. h3 f5 25. Ng3 Rxe1+ 26. Nxe1 Re8 27. Nf3 Bb2 28.
Nh4 Qe7 29. Nxg6 Qe1+ 30. Kh2 Qxf2 31. Qxf5 Bd4 32. h4 1/2-1/2

[Event "4NCL Division 4 South"]
[Site "Maidenhead, ENG"]
[Date "2020.01.11"]
[Round "3.134"]
[White "Seymour, Paul"]
[Black "Ford, Conor"]
[Result "1-0"]
[WhiteElo "1675"]
[BlackElo "1315"]
[PlyCount "149"]
[EventDate "2020.01.11"]
[WhiteTeam "Surbiton 2"]
[BlackTeam "Barnet Knights 4"]

1. d4 d5 2. Nf3 Nf6 3. Bf4 Bf5 4. e3 Nc6 5. c4 e6 6. Nc3 Be7 7. Qb3 Rb8 8. Rc1
O-O 9. c5 a6 10. h3 h6 11. Be2 Qd7 12. a3 Qc8 13. O-O Qd7 14. Rfd1 Rfc8 15. Bd3
Bxd3 16. Rxd3 Re8 17. Qc2 Bd8 18. Rd2 Ne7 19. Ne5 Qc8 20. Qa4 c6 21. Ng4 Nxg4
22. Bxb8 Qxb8 23. hxg4 Bc7 24. Qd1 Ng6 25. Qf3 Qd8 26. Rf1 Qh4 27. Qh3 Qf6 28.
Qf3 Qh4 29. Qh3 Qf6 30. Qf3 Qh4 31. g3 Qh3 32. Ne2 Nh4 33. Qh1 Qxh1+ 34. Kxh1
Nf3 $11 35. Rc2 f5 36. gxf5 exf5 37. Kg2 Ng5 38. Nf4 Kf7 39. Nd3 Kf6 40. Re1
Ne4 41. Nc1 g5 42. Rce2 h5 43. Rh1 Kg6 44. Nb3 g4 45. Nd2 Rf8 46. Nf1 Rf7 47.
Nd2 Rf8 48. Nb3 Rf7 49. Nc1 Re7 50. Nd3 Re8 51. Ree1 Re7 52. Rh2 Kg5 53. Reh1
Nf6 54. Nf4 Bxf4 55. gxf4+ Kg6 56. Re1 Re8 57. b4 Re7 58. Rb1 Re8 59. Rhh1 Rb8
60. a4 Nd7 61. b5 Kh6 62. bxa6 bxa6 63. Rxb8 Nxb8 64. Rb1 Nd7 65. Rb7 Nf6 66.
Rb6 h4 67. Rxc6 h3+ 68. Kh2 Kg7 69. Rxa6 Ne4 70. c6 Nd6 71. c7 Nc8 72. Ra8 Nb6
73. c8=Q Nxc8 74. Rxc8 Kf7 75. a5 1-0

[Event "4NCL Division 4 South"]
[Site "Maidenhead, ENG"]
[Date "2020.01.11"]
[Round "3.135"]
[White "Ibrahim, Amir"]
[Black "Ratnesan, Radha"]
[Result "0-1"]
[WhiteElo "1330"]
[BlackElo "1652"]
[PlyCount "106"]
[EventDate "2020.01.11"]
[WhiteTeam "Barnet Knights 4"]
[BlackTeam "Surbiton 2"]

1. e4 e6 2. d4 d5 3. e5 c5 4. c3 Nc6 5. Nf3 Bd7 6. Be3 Qb6 7. Nbd2 Qxb2 8. Nb3
Qa3 9. Bb5 c4 10. Bc1 Qe7 11. Nc5 Rb8 12. a4 a6 13. Bxc6 Bxc6 14. Ba3 Qc7 15.
O-O Ra8 16. Qd2 b6 17. Nxe6 fxe6 18. Bxf8 Kxf8 19. Ng5 Qe7 20. Qf4+ Ke8 21.
Rfb1 Rb8 22. a5 $11 b5 23. Ra4 h6 24. Nf3 Qf7 25. Qxf7+ Kxf7 26. Rab4 Ne7 27.
h3 Bd7 28. Re1 Nc6 29. Rbb1 Ra8 30. Ra1 Rhb8 31. Reb1 b4 32. cxb4 Rxb4 33. Rxb4
Nxb4 34. Rb1 Rb8 35. Ne1 Nc6 36. Rxb8 Nxb8 37. Nc2 Nc6 38. Kf1 Nxa5 39. Ke1 Nb3
40. Na3 Nxd4 41. Kd2 Nb3+ 42. Kc3 Bb5 43. Nxb5 axb5 44. g3 d4+ 45. Kc2 d3+ 46.
Kd1 c3 47. f4 c2+ 48. Ke1 c1=Q+ 49. Kf2 d2 50. g4 d1=Q 51. Kg3 Qe1+ 52. Kf3
Qce3+ 53. Kg2 Q3f2# 0-1

[Event "4NCL Division 4 South"]
[Site "Maidenhead, ENG"]
[Date "2020.01.11"]
[Round "3.136"]
[White "Kumar, Sanjit S"]
[Black "Wolstenholme, Scarlet"]
[Result "1-0"]
[WhiteElo "1637"]
[BlackElo "1285"]
[PlyCount "107"]
[EventDate "2020.01.11"]
[WhiteTeam "Surbiton 2"]
[BlackTeam "Barnet Knights 4"]

1. e4 e5 2. Nf3 Nc6 3. Bc4 Bc5 4. c3 Nf6 5. d3 h6 6. O-O O-O 7. Nbd2 d6 8. Bb3
Be6 9. Bc2 Nh5 10. Nxe5 Qg5 11. Ndf3 Qf6 12. Nxc6 bxc6 13. d4 Bc4 14. dxc5 Bxf1
15. Qxf1 dxc5 16. Be3 Rab8 17. Bxc5 Rfe8 18. Bd4 Qd6 19. b4 Qf4 20. Bxa7 Ra8
21. Be3 Qf6 22. Bd4 Qe6 23. a4 Nf4 24. Be3 Qg4 25. Bxf4 Qxf4 26. Qc4 Re6 27.
Nd4 Rg6 28. e5 Rg5 29. Qxc6 Rf8 30. Nf3 Rh5 31. Qe4 Qxe4 32. Bxe4 Rd8 33. g4
Rh3 34. Kg2 Rxf3 35. Bxf3 Re8 36. a5 Rxe5 37. a6 Kh7 38. a7 Re8 39. a8=R Re7
40. c4 Re6 41. c5 c6 42. Rc8 g6 43. Rxc6 Rxc6 44. Bxc6 Kg7 45. b5 Kh7 46. b6
Kg7 47. b7 Kh7 48. b8=Q Kg7 49. Qc7 Kf6 50. Ra7 Kg5 51. Qe7+ f6 52. Qe3+ Kxg4
53. Ra4+ Kf5 54. Bd7# 1-0

[Event "4NCL Division 4 South"]
[Site "Maidenhead, ENG"]
[Date "2020.01.11"]
[Round "3.141"]
[White "Kitchen, Peter J"]
[Black "Angelopoulos, Nicos"]
[Result "1-0"]
[WhiteElo "1674"]
[BlackElo "1615"]
[PlyCount "51"]
[EventDate "2020.01.11"]
[WhiteTeam "Celtic Tigers 3"]
[BlackTeam "Barnet Knights 3"]

1. Nf3 c6 2. d4 d5 3. c4 Bf5 4. Qb3 Qc7 5. Nc3 e6 6. g3 Nf6 7. Bf4 dxc4 8. Qxc4
Qb6 9. Na4 Qb4+ 10. Qxb4 Bxb4+ 11. Bd2 Bxd2+ 12. Nxd2 Nbd7 13. Bg2 Rc8 14. Rc1
O-O 15. O-O Rfd8 16. Rfd1 e5 17. Nc4 Ne8 18. e4 Bg4 19. f3 Bh5 20. Nxe5 f6 21.
Nxd7 Rxd7 22. Nc5 Re7 23. Rd2 b6 24. Nd3 Rd8 25. Nb4 c5 26. Nc6 1-0